00429pab a2200145 454500008004000000100002300040245007100063260000900134300001200143362001100155650002400166650001500190700002500205773005300230180718b1998 xxu||||| |||| 00| 0 eng d aCoffey, William J. aEmployment growth and structural change in urban Canada, 1971-1999 c1998 ap.60-88 aSpring aEmployment - Canada aEmployment aSheramur, Richard G. aReview of Urban and Regional Development Studies